000
00369nam a2200157Ia 4500
008
151213s9999 xx 000 0 und d
100
_a
D.H.Lawrence
245
_a
Twilight in Italy
_c
D.H.Lawrence
250
_a
1st
260
_a
U; S.A
_b
Penguijng Book
_c
1990
300
_a
4337 p.
650
_a
English
650
_a
Story
700
_a
D.H.Lawrence
999
_c
2751
_d
2751